Kolbenheyer, Moritz
| Titel: | Kolbenheyer, Moritz / Heike Drechsler |
|---|---|
| Verfasser: | |
| In: |
Ostdeutsche Gedenktage, (2010), Seite 144-148 alle Artikel anzeigen |
| Veröffentlicht: | 2010 |
| Umfang: | Illustrationen |
| Format: | Aufsatz |
| Sprache: | Deutsch |
X
alg: 43310345 001A $03025:29-06-18 001B $01999:29-06-18 $t22:42:25.000 001C $03025:29-06-18 $t11:32:02.000 001D $03025:29-06-18 001U $0utf8 001X $00 002@ $0Aou 002C $aText $btxt $2rdacontent 002D $aohne Hilfsmittel zu benutzen $bn $2rdamedia 002E $aBand $bnc $2rdacarrier 003@ $0433103450 007A $0433103450 $aHEB 010@ $ager 010E $erda 011@ $a2010 021A $aKolbenheyer, Moritz $hHeike Drechsler 028A $BVerfasser $#Drechsler-Meel, Heike $#Meel, Heike Drechsler- $4aut $7142438472 $8Drechsler, Heike$Z1965- [Tp3] $9227570278 031A $h144-148 $j2010 034M $aIllustrationen 039B $aEnthalten in $8--Abvc--. Ostdeutsche Gedenktage. - Bonn : Kulturstiftung der Vertriebenen, 1965-[2018] $x201000000000000856 $9047761881 044K $#Kolbenheyer, Moriz $#Kolbenheyer, Móric $#Kolbenheyer, Móricz $#Bek, Henry Leo $7130213470 $8Kolbenheyer, Moritz$Z1810-1884 [Tp1] $9160421519 044K $RBielsko $74088293-7 $8Bielitz [Tg1] $9085247383 044K $RGeistlicher $RKirchliches Amt $RPriester $RPrediger $RPfarrerin $#Protestant churches Clergy $#Catholic Church Clergy $#Pasteurs (religion) $#Curés (prêtres) $#Iglesias protestantes Clero $#Pfarrer $#Pastor $74132592-8 $8Pfarrer [Ts1] $9085477753 045F $a200.9438509034 $eDDC22BSB 045F/01 $a200.9 045F/03 $f034 045F/03 $g4385 045F/03 $g439 045R $aGeschichte 1810-1884 045T $a8,1 lok: 43310345 78 exp: 43310345 78 1 #EPN 201B/01 $003-07-18 $t08:16:18.000 201C/01 $029-06-18 201U/01 $0utf8 203@/01 $0102397875X 208@/01 $a29-06-18 $be 209A/01 $a/ $f000 $x00 209A/01 $ab*p $x01 209S/01 $uhttps://kulturportal-west-ost.eu/biographien/kolbenheyer-moritz-2 $XH 220C/01 $awma 244Z/01 $#Slowakei $#Slowakei $#Slowakische Republik $#Oberungarn $#Slovensko $#Slovenská Republika $#Slovenská SR $#SSR $#Slovakia $#Slovaquie $#Slovak Republic $#République Slovaque $#Slovenská Socialistická Republika $#Slowakische Sozialistische Republik $#Slovak Socialist Republic $#République Socialiste Slovaque $74055297-4 $8--Tg1--Slowakei $x01 $9085153834 244Z/01 $#Schlesien $#Schlesien $#Herzogtum Schlesien $#Herzogtum Schlesien Schlesien $#Provinz Schlesien $#Śla̜sk $#Slezsko $#Silesia $74052678-1 $8--Tg1--Schlesien $x02 $9085146781 247C/01 $82080>Marburg/Lahn, Herder-Institut, Forschungsbibliothek, Bibliographieportal $9336309341
| LEADER | 00000caa a2200000 c 4500 | ||
|---|---|---|---|
| 001 | 433103450 | ||
| 003 | DE-603 | ||
| 005 | 20180629224225.0 | ||
| 007 | tu | ||
| 008 | 180629s2010 xx |||| | u00||u|ger c | ||
| 035 | |a (DE-599)HEB433103450 | ||
| 040 | |a DE-603 |b ger |c DE-603 |d DE-603 |e rda | ||
| 041 | |a ger | ||
| 082 | 0 | 4 | |8 1\u |a 200.9438509034 |q DE-101 |2 22/BSB |
| 084 | |a 8,1 |2 ssgn | ||
| 085 | |8 1\u |b 200.9 | ||
| 085 | |8 1\u |z 1 |s 034 | ||
| 085 | |8 1\u |z 2 |s 4385 | ||
| 085 | |8 1\u |z 2 |s 439 | ||
| 100 | 1 | |a Drechsler, Heike |d 1965- |e Verfasser |4 aut |0 (DE-603)227570278 |0 (DE-588)142438472 |2 gnd | |
| 245 | 0 | 0 | |a Kolbenheyer, Moritz |c Heike Drechsler |
| 264 | 0 | |c 2010 | |
| 300 | |b Illustrationen | ||
| 336 | |a Text |b txt |2 rdacontent | ||
| 337 | |a ohne Hilfsmittel zu benutzen |b n |2 rdamedia | ||
| 338 | |a Band |b nc |2 rdacarrier | ||
| 600 | 1 | 7 | |a Kolbenheyer, Moritz |d 1810-1884 |0 (DE-588)130213470 |0 (DE-603)160421519 |2 gnd |
| 648 | 7 | |a Geschichte 1810-1884 |2 gnd | |
| 650 | 7 | |a Pfarrer |0 (DE-588)4132592-8 |0 (DE-603)085477753 |2 gnd | |
| 651 | 7 | |a Bielitz |0 (DE-588)4088293-7 |0 (DE-603)085247383 |2 gnd | |
| 773 | 0 | 8 | |i Enthalten in |t Ostdeutsche Gedenktage |d Bonn : Kulturstiftung der Vertriebenen, 1965-[2018] |g (2010), Seite 144-148 |w (DE-603)047761881 |w (DE-600)521278-9 |
| 924 | 0 | |9 2080 |a (DE-603)102397875X |b DE-2080 |c HES |d d |g / |k https://kulturportal-west-ost.eu/biographien/kolbenheyer-moritz-2 | |


